Активация процесса синтеза муллита и спекания алюмосиликатной керамики на основе огнеупорного глинистого сырья; Огнеупоры и техническая керамика; № 7-8

Bibliografiske detaljer
Parent link:Огнеупоры и техническая керамика: международный научно-технический и производственный журнал/ ООО "Меттекс".— , 1996-
№ 7-8.— 2009.— С. 74-80
Andre forfattere: Вакалова Т. В. Татьяна Викторовна, Решетова А. А., Погребенков В. М. Валерий Матвеевич, Верещагин В. И. Владимир Иванович
Summary:Установлено, что наиболее эффективное действие на процесс спекания огнеупорного глинистого сырья оказывают добавки оксидов 3d-переходных элементов (Fe2O3 и MnO2), образующие дефектные твердые растворы с муллитом, в меньшей степени - добавки щелочных и щелочноземельных оксидов (Na2O и СаО), регулирующие реологические свойства силикатных расплавов. Установлены оптимальные температуры обжига, при которых проявляется наиболее активное действие каждого вида минерализатора на процесс синтеза и спекания алюмосиликатной керамики из глинистого сырья.
Sprog:russisk
Udgivet: 2009
Fag:
Format: MixedMaterials Book Chapter
KOHA link:https://koha.lib.tpu.ru/cgi-bin/koha/opac-detail.pl?biblionumber=468684

MARC

LEADER 00000naa2a2200000 4500
001 468684
005 20231219144833.0
035 |a (RuTPU)RU\TPU\prd\133776 
090 |a 468684 
100 |a 20120302a2009 k y0rusy50 ca 
101 0 |a rus 
102 |a RU 
200 1 |a Активация процесса синтеза муллита и спекания алюмосиликатной керамики на основе огнеупорного глинистого сырья  |f Т. В. Вакалова [и др.] 
320 |a Библиогр.: с. 80 (3 назв.) 
330 |a Установлено, что наиболее эффективное действие на процесс спекания огнеупорного глинистого сырья оказывают добавки оксидов 3d-переходных элементов (Fe2O3 и MnO2), образующие дефектные твердые растворы с муллитом, в меньшей степени - добавки щелочных и щелочноземельных оксидов (Na2O и СаО), регулирующие реологические свойства силикатных расплавов. Установлены оптимальные температуры обжига, при которых проявляется наиболее активное действие каждого вида минерализатора на процесс синтеза и спекания алюмосиликатной керамики из глинистого сырья. 
461 0 |0 (RuTPU)RU\TPU\prd\530  |t Огнеупоры и техническая керамика  |o международный научно-технический и производственный журнал  |f ООО "Меттекс"  |d 1996- 
463 0 |0 (RuTPU)RU\TPU\prd\112826  |t № 7-8  |v С. 74-80  |d 2009 
610 1 |a труды учёных ТПУ 
701 1 |a Вакалова  |b Т. В.  |c химик-технолог  |c профессор Томского политехнического университета, доктор технических наук  |f 1956-  |g Татьяна Викторовна  |3 (RuTPU)RU\TPU\pers\26197  |4 070  |9 12005 
701 1 |a Решетова  |b А. А. 
701 1 |a Погребенков  |b В. М.  |c российский учёный в области физики высоких технологий  |c профессор Томского политехнического университета  |f 1954-  |g Валерий Матвеевич  |3 (RuTPU)RU\TPU\pers\26404  |4 070 
701 1 |a Верещагин  |b В. И.  |c химик-технолог  |c профессор Томского политехнического университета, доктор технических наук  |f 1942-  |g Владимир Иванович  |3 (RuTPU)RU\TPU\pers\19774  |4 070  |9 7712 
801 1 |a RU  |b 63413507  |c 20120302 
942 |c BK